| 000 | 00556nam a22001697a 4500 | ||
|---|---|---|---|
| 005 | 20170421113931.0 | ||
| 010 | _aENG-117907 | ||
| 020 |
_c4880.00 _a9788184844825 |
||
| 035 | _aEN-101439 | ||
| 037 | _bDBAD/PUB | ||
| 100 | _aBhatia,A.S. | ||
| 245 |
_aDictionary of textile technology / _cby A.S.Bhatia |
||
| 260 |
_aNew Delhi _bRahul Composers _c2016 |
||
| 270 |
_aNew Highway Apartments, Lakshmi Niwas 760,Pocket-D, Lok Nayak Puram, _bNew Delhi _e110041 |
||
| 300 |
_avii,992p.: _c24cm(Hb) _bill. |
||
| 942 |
_2ddc _cEN _h338.4767703 _mBHA |
||
| 999 |
_c139162 _d139162 |
||